Prognózovanie predaja vo vybranom subjekte diplomová práca

Guardado en:
Detalles Bibliográficos
Autor principal: Demeter, Vladimír
Autor Corporativo: Obchodná fakulta EU. Katedra marketingu
Otros Autores: Baumöhl, Eduard, 1982-
Formato: Libro
Lenguaje:eslovaco
Publicado: Bratislava 2025
Etiquetas: Agregar Etiqueta
Sin Etiquetas, Sea el primero en etiquetar este registro!

MARC

LEADER 00000nbm a2200000 4500
001 0310272
005 20251104081051.5
041 0 |a slo 
044 |a SK 
245 1 0 |a Prognózovanie predaja vo vybranom subjekte  |b diplomová práca  |c Vladimír Demeter ; školiteľ: Eduard Baumöhl 
264 1 |a Bratislava  |c 2025 
300 |a 74 s. 
100 1 |a Demeter, Vladimír 
700 1 |a Baumöhl, Eduard, 1982- 
710 2 |a Obchodná fakulta EU. Katedra marketingu